Provincias de España - Statistics

General Stats
  • This quiz has been taken 82 times
  • The average score is 38 of 50
Answer Stats
Answer % Correct
Sevilla
92%
Barcelona
89%
Córdoba
87%
Valencia
87%
Cádiz
86%
Huelva
86%
Murcia
86%
A Coruña
84%
Alicante
84%
Madrid
84%
Toledo
84%
Almería
83%
Asturias
83%
Castellón
83%
Granada
83%
Huesca
83%
Málaga
83%
León
81%
Cantabria
79%
Jaén
79%
Tarragona
79%
Ciudad Real
78%
Lugo
78%
Navarra
78%
Zaragoza
78%
Badajoz
76%
Caceres
76%
Gerona
76%
Pontevedra
76%
Palencia
75%
Teruel
75%
Álava
73%
Albacete
73%
Lérida
73%
Salamanca
71%
Burgos
70%
La Rioja
70%
Valladolid
70%
Zamora
70%
Ávila
68%
Cuenca
68%
Las Palmas
67%
Guadalajara
65%
Islas Baleares
63%
Orense
63%
Segovia
63%
Soria
62%
Guipúzcoa
57%
Vizcaya
57%
Santa Cruz de Tenerife
49%
No matching quizzes found
Score Distribution
Percent of People with Each Score
Percentile by Number Answered
Your Score History
You have not taken this quiz